En busca de la alternativa: soluciones en crisis, dialéctica de la insuficiencia /
sin resumen
Gespeichert in:
| 1. Verfasser: | |
|---|---|
| Format: | Text |
| Tags: |
Tag hinzufügen
Keine Tags, Fügen Sie den ersten Tag hinzu!
|
MARC
| LEADER | 00000 a a2200000 04500 | ||
|---|---|---|---|
| 001 | 9125 | ||
| 003 | |||
| 040 | |||
| 100 | |a Chacón Gudiel, Carlos Amílcar | ||
| 245 | |a En busca de la alternativa: |b soluciones en crisis, dialéctica de la insuficiencia / |c Carlos Amílcar Chacón Gudiel | ||
| 520 | |a sin resumen | ||
| 773 | |g volumen 115, número 1; páginas 17-22 | ||
| 999 | |c 34119 |d 34119 | ||
| 773 | 0 | |0 44031 |9 6470 |d El Salvador : Universidad de El Salvador. Biblioteca Central Universitaria |o MFN: 1790 |t La Universidad / | |
